Filmy Zirexa od najbardziej popularnego w doł - Statystyki

Ogólne statystyki
  • Ten quiz został rozwiązany 3 razy
  • Średni wynik to 6 z 45
Statystyki odpowiedzi
Liczba Wyświetleń Film % Poprawnych
456 (Przeróbka) Co tu robi ta ryba? - Przeróbka
100%
226 (Piosenka) LiL Zirex - Nie poddawaj się!
67%
90 (Piosenka) LiL Zirex - RAGE
67%
250 (Piosenka) Young Trojan - Choinka
67%
51 (Piosenka) czarny as
33%
411 (Dubbing) Dubbing dla beki 3 - Gruby nie żyje
33%
88 (Inne) Funny Moments - BAKA
33%
92 (Piosenka) LiL Zirex - Daily
33%
69 (Piosenka) LiL Zirex - JOŁ
33%
58 (Piosenka) LiL Zirex - MARTWA NATURA
33%
127 (Piosenka) LiL Zirex - Zirexowisko
33%
76 (Inne) Nudzi mi się
33%
46 (Inne) Śmierć
33%
59 (Animacja) EPICKI FAIL - Co gdyby Undertale potoczyło się inaczej?
0%
110 (Gameplay) Fortnite - Ta gra jest śmieszna
0%
74 (Piosenka) FREESTYLE 2020
0%
38 (Inne) Funny Moments - Trojanek
0%
46 (Animacja) GÓRA EBOTT - Co gdyby UNDERTALE potoczyło się inaczej?
0%
39 (Inne) Idioci - Księżniczki
0%
44 (Opowiadanie) Jak poznałem czajniki?
0%
44 (Gameplay) Jak zhackować komuś konto?
0%
67 (Challenge) Jeśli znajdę kaktusa to film się skończy
0%
42 (Komentowanie) Komentowanie Filmów 5 - Chora Krowa
0%
48 (Piosenka) LiL Zirex Ft: Young Trojan - Choinka (2021 Remastered)
0%
83 (Piosenka) LiL Zirex - Gotham
0%
62 (Piosenka) LiL Zirex - GTA
0%
45 (Piosenka) LiL Zirex - Nie poddawaj się (Remastered 2021)
0%
59 (Live) Ocenianie i Promowanie Kanałów (Zirex, Baka i Czarny As)
0%
58 (Informacja) Organizuję Q&A
0%
51 (Live) OSTATNI Live z Majtasem
0%
42 (Live) Piątkowy Live z Czarnym Asem
0%
38 (Live) Piątkowy Live z Ksylikiem
0%
44 (Live) Piątkowy Live z Majtasem
0%
48 (Gameplay) Piękne zakończenie serii - Minecraft CO:OP z Krejzolem
0%
37 (Live) Poniedziałkowy Live z Majtasem
0%
87 (Poradnik) Poradnik jak naprawić errory w G Mod
0%
406 (Poradnik) Poradnik jak zdobyć auto FIB w GTA 5
0%
38 (Inne) TEST
0%
59 (Mem) To Be Continued
0%
41 (Gameplay) Undertale - Robot okazał się tranwestytą
0%
73 (Gameplay) Uważaj na nick jak grasz na serwerze - Minecraft Skyblock
0%
39 (Żart) Uważaj na Nick jak grasz na serwerze (Prima Aprilis)
0%
48 (Gameplay) Victory Craft ze specjalnym gościem
0%
53 (Gameplay) Wingman z Tracysem
0%
50 (Shorts) Xd
0%
Nie znaleziono quizów pasujących do podanych kryteriów
Rozkład punktacji
Procent ludzi z każdym wynikiem
Percentyl według liczby udzielonych odpowiedzi
Twoja historia wyników
Nie rozwiązałeś tego quizu